| 000 | 00525nam a22001577a 4500 | ||
|---|---|---|---|
| 005 | 20251108172658.0 | ||
| 008 | 250721s2002 xx 000 0 ara d | ||
| 082 | 1 | 4 | _a155.45/نصر |
| 100 | 1 |
_aنصر، سهى أحمد أمين _eمؤلف |
|
| 245 | 1 | 0 |
_aالإتصال اللغوي للطفل التوحيدي : _bالتشخيص - البرامج العلاجية / |
| 264 | 1 |
_aعمان : _bدار الفكر، _c2002. |
|
| 300 | _a247ص | ||
| 650 | 1 | 7 | _aسيكولوجية الطفل |
| 942 |
_2ddc _cBK |
||
| 999 |
_c85728 _d85728 |
||